| 000 | 00835nas a2200313 4500 | ||
|---|---|---|---|
| 001 | BR2011001068 | ||
| 003 | BR-BrBNA | ||
| 005 | 20231205114444.0 | ||
| 007 | ta | ||
| 008 | 230509b bl.|||p| |||| 00| 00por d | ||
| 040 |
_aBR-BrBNA _bpor _cBiblioteca Nacional de Agricultura |
||
| 041 | _a(Pt) | ||
| 072 | _aT01; P33 | ||
| 100 | 1 | _aTito, G.A. | |
| 100 | 1 | _aChaves, L.H.G. | |
| 100 | 1 | _aRibeiro, S. | |
| 100 | 1 | _aSouza, R.S. | |
| 245 | 1 | _aIsotermas de adsorção de cobre por bentonita | |
| 650 | _aCOBRE | ||
| 650 | _aBENTONITA | ||
| 650 | _aADSORÇÃO | ||
| 650 | _aMETAL PESADO | ||
| 650 | _aPH | ||
| 650 | _aÁGUA | ||
| 650 | _aSOLO | ||
| 773 | 0 |
_tRevista Caatinga (Brazil) _xISSN 0100-316X _g(Jul-Sep 2008), v. 21(3) p. 16-21 _wBR2011001068 |
|
| 909 |
_a202311 _bLúcia _c55 _dLúcia Elande |
||
| 942 |
_2AGRIS _n0 _cANA |
||
| 999 |
_c208848 _d208848 |
||